Fundamentals of Operations Management. (Record no. 5437)

MARC details
005 - DATE AND TIME OF LATEST TRANSACTION
control field 20250626160920.0
020 ## - INTERNATIONAL STANDARD BOOK NUMBER
International Standard Book Number 0-07-240285-7
082 ## - DEWEY DECIMAL CLASSIFICATION NUMBER
Classification number 658.5 DAV
100 ## - MAIN ENTRY--PERSONAL NAME
Author name DAVIS, M. M
245 ## - TITLE STATEMENT
Title Fundamentals of Operations Management.
250 ## - EDITION STATEMENT
Edition statement 4th Ed.
260 ## - PUBLICATION, DISTRIBUTION, ETC.
Place of publication, distribution, etc. New York,
Name of publisher, distributor, etc. McGraw Hill,
Date of publication, distribution, etc. 2003.
300 ## - PHYSICAL DESCRIPTION
Extent xxviii, 688p.: ill.;
Other physical details Index
Dimensions 28cm
700 ## - ADDED ENTRY--PERSONAL NAME
Other authors/Editors AQUILANO, N. J. [...et al...]
942 ## - ADDED ENTRY ELEMENTS (KOHA)
Source of classification or shelving scheme Dewey Decimal Classification
Koha item type Books
Holdings
Date last seen Total checkouts Full call number Barcode Cost, replacement price Price effective from Koha item type Lost status Source of classification or shelving scheme Damaged status Not for loan Withdrawn status Home library Current library Shelving location Date acquired Cost, normal purchase price
06/26/2025   658.5 DAV DOM0001435 75000.00 06/26/2025 Books   Dewey Decimal Classification       CBE Dodoma CBE Dodoma General Collection 06/29/2006 25000.00
06/28/2025   658.5DAV DOM0001052 255000.00 06/28/2025 Books   Dewey Decimal Classification       CBE Dodoma CBE Dodoma General Collection 02/06/2009 85000.00